A Value Proposition Canvas of Interim Management Providers in the Czech Republic

V zložitej situácii sa na interim manažérov obracia so žiadosťou o pomoc viacero subjektov ako na menej známu alternatívu k štandardnému riadeniu firmy riadnymi manažérmi. Interim management je v Českej republike stále veľmi mladá disciplína, ktorá sa len začína rozvíjať a stáva sa populárnou. Cieľo...

Ausführliche Beschreibung

Gespeichert in:
Bibliographische Detailangaben
1. Verfasser: Posolda, Daniel
Weitere Verfasser: Bumberová, Veronika
Format: Buchkapitel
Sprache:Englisch
Schlagworte:
Tags: Tag hinzufügen
Keine Tags, Fügen Sie das erste Tag hinzu!

MARC

LEADER 00000naa a2200000 4500
001 0299883
005 20240426102915.3
041 0 |a eng 
044 |a CZ 
245 1 0 |a A Value Proposition Canvas of Interim Management Providers in the Czech Republic  |c Daniel Posolda, Veronika Bumberová 
520 |a V zložitej situácii sa na interim manažérov obracia so žiadosťou o pomoc viacero subjektov ako na menej známu alternatívu k štandardnému riadeniu firmy riadnymi manažérmi. Interim management je v Českej republike stále veľmi mladá disciplína, ktorá sa len začína rozvíjať a stáva sa populárnou. Cieľom je zmapovať charakter kľúčového zamerania segmentov spoločností pôsobiacich v tejto oblasti a identifikovať obsah potrieb a požiadaviek zákazníkov v oblasti nadväzovania možnej spolupráce. Prístup sekundárneho výskumu je založený na metóde obsahovej kvalitatívnej a kvantitatívnej analýzy, ktorá skúma 60 zákazníckych referencií v rámci poskytovateľov služieb interim managementu v ČR. 
610 2 0 |a manažment 
610 2 0 |a interim manažment 
610 2 0 |a nástroje riadenia 
610 2 0 |a technika riadenia 
610 2 0 |a segmentácia trhu 
610 2 0 |a zákazníci 
100 1 |a Posolda, Daniel 
700 1 |a Bumberová, Veronika